000 00548nam a22001817a 4500
003 AM-YeHGA
005 20250617154323.0
008 180724s ||||| |||| 00| 0 rus d
040 _aAM-YeHGA
041 0 _arus
100 1 _aПопов, Николай Иванович
245 1 0 _aПоэма о комбайнере /
_cНиколай Попов.
260 _aКалинин :
_bКалининиздат,
_c1953.
300 _a27 с. :
_bил.
653 0 _aРусская литератруа
942 _2udc
_cBK
090 _c411630
999 _c409344
_d409344